<?xml version="1.0" encoding="UTF-8"?>
<record
    xmlns:xsi="http://www.w3.org/2001/XMLSchema-instance"
    xsi:schemaLocation="http://www.loc.gov/MARC21/slim http://www.loc.gov/standards/marcxml/schema/MARC21slim.xsd"
    xmlns="http://www.loc.gov/MARC21/slim">

  <leader>00433nam a22001577a 4500</leader>
  <controlfield tag="008">220117b2020        xxu||||| |||| 00| 0 eng d</controlfield>
  <datafield tag="020" ind1=" " ind2=" ">
    <subfield code="a">9789673498307</subfield>
  </datafield>
  <datafield tag="082" ind1=" " ind2=" ">
    <subfield code="a">579 Tortora 33979 12th 2020 Microbiology</subfield>
  </datafield>
  <datafield tag="100" ind1=" " ind2=" ">
    <subfield code="a">J. Tortora Gerard</subfield>
    <subfield code="9">40047</subfield>
  </datafield>
  <datafield tag="245" ind1=" " ind2=" ">
    <subfield code="a">Microbiology: An Introduction</subfield>
  </datafield>
  <datafield tag="250" ind1=" " ind2=" ">
    <subfield code="a">12th ed.</subfield>
  </datafield>
  <datafield tag="260" ind1=" " ind2=" ">
    <subfield code="a">Malaysia:</subfield>
    <subfield code="b">Pearson;</subfield>
    <subfield code="c">2020.</subfield>
  </datafield>
  <datafield tag="300" ind1=" " ind2=" ">
    <subfield code="a">955 p.;</subfield>
  </datafield>
  <datafield tag="650" ind1=" " ind2=" ">
    <subfield code="a">Microbiology</subfield>
    <subfield code="9">41763</subfield>
  </datafield>
  <datafield tag="942" ind1=" " ind2=" ">
    <subfield code="c">BK</subfield>
  </datafield>
  <datafield tag="999" ind1=" " ind2=" ">
    <subfield code="c">15981</subfield>
    <subfield code="d">15980</subfield>
  </datafield>
  <datafield tag="952" ind1=" " ind2=" ">
    <subfield code="0">0</subfield>
    <subfield code="1">0</subfield>
    <subfield code="4">0</subfield>
    <subfield code="6">579_000000000000000_TORTORA_33979_12TH_2020_MICROBIOLOGY</subfield>
    <subfield code="7">0</subfield>
    <subfield code="8">VS</subfield>
    <subfield code="9">23419</subfield>
    <subfield code="a">MAIN</subfield>
    <subfield code="b">MAIN</subfield>
    <subfield code="c">MICRO</subfield>
    <subfield code="d">2022-01-17</subfield>
    <subfield code="o">579 Tortora 33979 12th 2020 Microbiology</subfield>
    <subfield code="p">33979</subfield>
    <subfield code="r">2022-01-17</subfield>
    <subfield code="w">2022-01-17</subfield>
    <subfield code="y">BK</subfield>
  </datafield>
  <datafield tag="952" ind1=" " ind2=" ">
    <subfield code="0">0</subfield>
    <subfield code="1">0</subfield>
    <subfield code="4">0</subfield>
    <subfield code="6">579_000000000000000_TORTORA_33980_12TH_2020_MICROBIOLOGY</subfield>
    <subfield code="7">0</subfield>
    <subfield code="8">VS</subfield>
    <subfield code="9">23420</subfield>
    <subfield code="a">MAIN</subfield>
    <subfield code="b">MAIN</subfield>
    <subfield code="c">MICRO</subfield>
    <subfield code="d">2022-01-17</subfield>
    <subfield code="o">579 Tortora 33980 12th 2020 Microbiology</subfield>
    <subfield code="p">33980</subfield>
    <subfield code="r">2022-01-17</subfield>
    <subfield code="w">2022-01-17</subfield>
    <subfield code="y">BK</subfield>
  </datafield>
  <datafield tag="952" ind1=" " ind2=" ">
    <subfield code="0">0</subfield>
    <subfield code="1">0</subfield>
    <subfield code="4">0</subfield>
    <subfield code="6">579_000000000000000_TORTORA_33978_12TH_2020_MICROBIOLOGY</subfield>
    <subfield code="7">0</subfield>
    <subfield code="8">VS</subfield>
    <subfield code="9">23421</subfield>
    <subfield code="a">MAIN</subfield>
    <subfield code="b">MAIN</subfield>
    <subfield code="c">MICRO</subfield>
    <subfield code="d">2022-01-17</subfield>
    <subfield code="o">579 Tortora 33978 12th 2020 Microbiology</subfield>
    <subfield code="p">33978</subfield>
    <subfield code="r">2022-01-17</subfield>
    <subfield code="y">BK</subfield>
  </datafield>
  <datafield tag="952" ind1=" " ind2=" ">
    <subfield code="0">0</subfield>
    <subfield code="1">0</subfield>
    <subfield code="4">0</subfield>
    <subfield code="6">579_000000000000000_TORTORA_33639_12TH_2020_MICROBIOLOGY</subfield>
    <subfield code="7">0</subfield>
    <subfield code="8">VS</subfield>
    <subfield code="9">23569</subfield>
    <subfield code="a">MAIN</subfield>
    <subfield code="b">MAIN</subfield>
    <subfield code="c">MICRO</subfield>
    <subfield code="d">2022-01-17</subfield>
    <subfield code="o">579 Tortora 33639 12th 2020 Microbiology</subfield>
    <subfield code="p">33639</subfield>
    <subfield code="r">2022-02-17</subfield>
    <subfield code="w">2022-02-17</subfield>
    <subfield code="y">BK</subfield>
  </datafield>
  <datafield tag="952" ind1=" " ind2=" ">
    <subfield code="0">0</subfield>
    <subfield code="1">0</subfield>
    <subfield code="4">0</subfield>
    <subfield code="6">579_000000000000000_TORTORA_24741_13RD_2020_MICROBIOLOGY</subfield>
    <subfield code="7">0</subfield>
    <subfield code="8">VS</subfield>
    <subfield code="9">30493</subfield>
    <subfield code="a">MAIN</subfield>
    <subfield code="b">MAIN</subfield>
    <subfield code="c">MICRO</subfield>
    <subfield code="d">2026-04-30</subfield>
    <subfield code="o">579 Tortora 24741 13rd 2020 Microbiology</subfield>
    <subfield code="p">24741</subfield>
    <subfield code="r">2026-04-30</subfield>
    <subfield code="w">2026-04-30</subfield>
    <subfield code="y">BK</subfield>
  </datafield>
</record>
